000
00173nam a22000857a 4500
082
_a
823
100
_a
JULER VERNE
245
_a
A JOURNEY TO THE CENTRE OF THE EARTH
942
_c
BK
999
_c
8234
_d
8234